Die Pruzzen
| Titel: | Die Pruzzen |
|---|---|
| Verfasser: | |
| In: |
Der heilige Brun von Querfurt, (2009), Seite 82-93 alle Artikel anzeigen |
| Veröffentlicht: | 2009 |
| Format: | Aufsatz |
| Sprache: | Deutsch |
X
alg: 39174998 001A $01999:11-11-16 001B $01999:26-04-21 $t20:12:12.000 001D $01999:11-11-16 001U $0utf8 001X $00 002@ $0Aox 003@ $0391749986 007A $0391749986 $aHEB 007T $0Herdc0072363m 010@ $ager 011@ $a2009 021A $aDie @Pruzzen 028A $aNeumayer $dHeino 031A $h82-93 $j2009 039B $aIn $8--Aau--. Der @heilige Brun von Querfurt. - Querfurt : Museum Burg Querfurt, 2009. - 224 S.. - zahlr. Ill.. - ISBN 978-3-00-028548-6 $x200900000000000918 $9220045976 045F $a306.094382 $eDDC23BSB 045F/01 $a306.09 045F/03 $g4382 045F/03 $g43832 lok: 39174998 78 exp: 39174998 78 1 #EPN 201B/01 $019-04-17 $t10:22:17.000 201U/01 $0utf8 203@/01 $0787844802 208@/01 $a11-11-16 $be 209A/01 $a/ $f000 $x00 220C/01 $aTitelaufnehmer: pg;ak 220C/01 $aHerkunft: HI Marburg 220C/01 $aAnmerkung: *ng 244Z/01 $2Trx $#Prusy Wschodnie i Zachodnie $8--Trx--Ost- und Westpreußen $x01 $939113373X 244Z/01 $aGeschichte 1009-2009 $x02 244Z/01 $2Trx $#preislased $#prūsai $#Prussians $#poroszok $#Prusowie plemię bałtyckie $#Prusi pobaltský kmeň $#Prusové baltský kmen $#Schalauer $8--Trx--Prußen $x03 $9391382896 244Z/01 $2Trx $8--Trx--Einzelbeiträge $x04 $9391384570 245Z/01 $a08.04.15 $x01 247C/01 $82080>Marburg/Lahn, Herder-Institut, Forschungsbibliothek, Bibliographieportal $9336309341
| LEADER | 00000caa a22000002c 4500 | ||
|---|---|---|---|
| 001 | 391749986 | ||
| 003 | DE-603 | ||
| 005 | 20210426201212.0 | ||
| 007 | tu | ||
| 008 | 161111s2009 xx |||| | u00||u|ger c | ||
| 035 | |a (DE-599)HEB391749986 | ||
| 040 | |a DE-603 |b ger |c DE-603 |d DE-603 | ||
| 041 | |a ger | ||
| 082 | 0 | 4 | |8 1\u |a 306.094382 |q DE-101 |2 23/BSB |
| 085 | |8 1\u |b 306.09 | ||
| 085 | |8 1\u |z 2 |s 4382 | ||
| 085 | |8 1\u |z 2 |s 43832 | ||
| 100 | 1 | |a Neumayer, Heino | |
| 245 | 0 | 0 | |a Die Pruzzen |
| 264 | 0 | |c 2009 | |
| 773 | 0 | 8 | |i In |t Der heilige Brun von Querfurt |d Querfurt : Museum Burg Querfurt, 2009 |h 224 S., zahlr. Ill. |z 9783000285486 |z 3000285482 |g (2009), Seite 82-93 |w (DE-603)220045976 |
| 924 | 0 | |9 2080 |a (DE-603)787844802 |b DE-2080 |c HES |d d |g / | |


